000 00502nam a2200217Ia 4500
003 0100
008 130227s9999 xx 000 0 und d
040 _cARRUPELIB
050 _aBT1200.G64
100 _aGoetz, Stewart
245 _aNaturalism
260 _aGrand Rapids
260 _bWilliam B. Eerdmans
260 _C2008
300 _a132p.
300 _b 23 cm
650 _bItaly - Politics - 1914-
650 _cMussolini, Benito
700 _aTaliaferro, Charles
942 _2lcc
_02
999 _c1983
_d1983